Renewal bodies set for judgement day (Record no. 75346)

MARC details
000 -LEADER
fixed length control field 01516cab a2200193 4500
001 - CONTROL NUMBER
control field L129919
008 - FIXED-LENGTH DATA ELEMENTS--GENERAL INFORMATION
fixed length control field 050606n2005 000 0 eng u
035 ## - SYSTEM CONTROL NUMBER
System control number (Sirsi) u129919
041 ## - LANGUAGE CODE
Language code of text/sound track or separate title eng
100 ## - MAIN ENTRY--PERSONAL NAME
Personal name Kochan, Ben
245 ## - TITLE STATEMENT
Title Renewal bodies set for judgement day
260 ## - PUBLICATION, DISTRIBUTION, ETC.
Date of publication, distribution, etc. 2005
490 ## - SERIES STATEMENT
Series statement Planning (for the Natural and Built Environment)
Volume/sequential designation (1622) 3 June 2005, 14-15(2)
520 ## - SUMMARY, ETC.
Summary, etc. Investigates the success of Urban Regeneration Companies (URCs) despite limited resources and few powers. The 21 URCs set up over the past five years are the one tangible result of Lord Rogers's Urban Task Force report; but unlike in the Rogers vision they are non-statutory bodies without planning or compulsory purchase order powers. The ODPM has commissioned an evaluation of the impact after five years of the first three URCs in Liverpool, Manchester and Sheffield. Considers that the most successful URCs are those that have agreed clear terms with all their partners and reports that URCs hope that their masterplans will form part of local development frameworks. Describes examples of URC involvement in Liverpool, Manchester and Hull. Concludes that local authority interest in the URC model has exceeded government expectations but some of the established URCs, which have a 15-year operational lifespan, are already considering exit strategies. Lists the 21 URCs.
590 ## - LOCAL NOTE (RLIN)
Local note IKA070605
650 ## - SUBJECT ADDED ENTRY--TOPICAL TERM
Topical term or geographic name entry element URBAN REGENERATION COMPANIES
690 ## - LOCAL SUBJECT ADDED ENTRY--TOPICAL TERM (OCLC, RLIN)
Topical term or geographic name as entry element PROPERTY-PROPERTY MANAGEMENT-REGENERATION
942 ## - ADDED ENTRY ELEMENTS (KOHA)
Suppress in OPAC 0
Holdings
Withdrawn status Lost status Source of classification or shelving scheme Damaged status Not for loan Home library Current library Shelving location Date acquired Total Checkouts Full call number Barcode Date last seen Copy number Price effective from Koha item type
    Dewey Decimal Classification     London London Journal article 06/06/2005   L129919 129919-1001 06/08/2019 1 06/08/2019 Journal article